LEADER 01900nam a2200397 i 4500 001 000000173292 003 CaOOAMICUS 005 20091201000000.0 008 091201s1998 it u000 u fre u 013 $a150744 020 $a2-204-05988-9 020 $a0983-9062 020 $a2-227-91115-8 040 $aSeMil$bita 100 1 $aConseil permanent des évêques de France.$0(OLS)http://semarc/name/64715 245 10$aEssor de la génétique et dignité humaine /$cLe Conseil permanent des évêques de France ; introduction par Mgr Louis-Marie Billé ; présentation par Patrick Verspieren. 260 $aParis :$bBayard,$c1998. 260 $aParis :$bLes Éditions du Cerf,$c1998. 260 $aParis :$bCenturion,$c1998. 300 $aXIV, 83 p. ;$c18 cm. 490 0 $aDocuments d'Église 650 4$aPersona - Genetica - Etica.$0(OLS)http://semarc/subject/17001 650 4$aBioetica - Chiesa cattolica - Documenti magisteriali.$0(OLS)http://semarc/subject/32968 700 1 $aVerspieren, Patrick .$0(OLS)http://semarc/name/90365 700 1 $aBillé, Louis-Marie.$0(OLS)http://semarc/name/64716 830 0$aDocuments d'Église.$0(OLS)http://semarc/title/10922 850 $aSeMil 852 $aSeMil$W1$xVenegono$y1$m2F I 430$j124139$B124139$CSeMilBibl$Z2$F135726 $81 961 $aOmaggio: Biblioteca Ambrosiana 996 $6020$a2-204-05988-9$9(OLS)http://semarc/number/160913 996 $6020$a0983-9062$9(OLS)http://semarc/number/160914 996 $6020$a2-227-91115-8$9(OLS)http://semarc/number/160915 996 $6245$aEssor de la génétique et dignité humaine$9(OLS)http://semarc/title/248195 996 $6260$aParis :$bBayard$9(OLS)http://semarc/publisher/30832 996 $6260$aParis :$bCenturion$9(OLS)http://semarc/publisher/32415 996 $6260$aParis :$bLes Éditions du Cerf$9(OLS)http://semarc/publisher/29611 LEADER 01260nam a2200241 4500 001 000000337792 003 CaOOAMICUS 005 20220321125656.0 008 191106s1812 au a 000 u ger r 040 $aSeMil$bita 100 1 $aWilhelm, Gottlieb Tobias,$d<1758-1811>.$0(OLS)http://semarc/name/110438 245 00$aDer Fische 1. [-2. Theil]. 264 1$aWien :$bgedruckt auf Kosten des Herausgebers,$c1812. 300 $a2 v. :$bill. ;$c8° 650 4$aPesci.$0(OLS)http://semarc/subject/2083 773 0 $aWilhelm, Gottlieb Tobias <1758-1811>$tUnterhaltungen aus der Naturgeschichte von Gottlieb Tobias Wilhelm.$dWien : gedruckt auf Kosten des Herausgebers, 1808-$w()337650 774 0 $aWilhelm, Gottlieb Tobias <1758-1811>$t1. Theil.$dWien : gedruckt auf Kosten des Herausgebers, 1812.$w()337793 774 0 $aWilhelm, Gottlieb Tobias <1758-1811>$t2. Theil.$dWien : gedruckt auf Kosten des Herausgebers, 1812.$w()337795 850 $aSeMil 852 $aSeMil$W1$xVenegono$y1$m3XD VII 33 FA$j217221$B229290$CSeMilBibl$Z2$F229290 $8I 996 $6245$aDer Fische 1. [-2. Theil]$9(OLS)http://semarc/title/426739 996 $6264$aWien :$bgedruckt auf Kosten des Herausgebers$9(OLS)http://semarc/publisher/58664